1159 1358 1100 1652 1197 1957 1173 1619 1653 1126 1370 1161 1833 1623 1263 1028 1800 1785 1322 1603 1742 1496 1338 1739 1726 1130 1500 1334 1526 1890 1681 1211 1305 1380 1432 1146 1543 1088 1757 1872 1693 1580 1293 1526 1872 1608 1334 1033 1815 1266 1397 1420 1054 1821 1336 1295 1693 1222 1789 1806 1163 1213 1232 1136 1660 1294 1815 1998 1222 1681 1509 1588 1851 1188 1559 1301 1407 1219 1761 1687 1757 1478 1695 1440 1292 1476 1097 1003 1875 1588 1185 1155 1403 1232 1730 1585 1901 1057 1539 BCNSPRNW ULIB Ver.6.0+V

เปลี่ยนเป็นภาษาไทย

Change to English
 แสดงรายละเอียดบรรณานุกรม
  กลับหน้าหลัก

Brief Record : Get Marc (ISO 2709) : E-mail record : QR code < ปิดหน้าต่าง
LEADER : 00000nam 2200000uu 4500
001    13399112337
003     ULIB
008    110627s2550||||th 000 0 tha d
020    9789744723628
090    นว.^bร942ฮ ล.1 2550
100 0  โรว์ลิ่ง, เจ.เค.
245 00 แฮร์รี่ พอตเตอร์ กับศิลาอาถรรพ์ เล่ม 1/^cโรว์ลิ่ง, เจ.เค.
250    พิมพ์ครั้งที่ 7
260    กรุงเทพฯ :^bนานมีบุ๊คส์,^c2550
300    373 หน้า
710 1  นานมีบุ๊คส์
945    ^p195^l0^i021002
995    ทศพร
999 ^a ใช้งานได้ทุกระบบ
รายการนี้ยังไม่มีแท็ก
คุณยังไม่ได้ล็อกอิน คุณสามารถมีกิจกรรมร่วมกับเว็บไซต์ได้ แต่ต้องล็อกอินก่อน ::
  ล็อกอิน

รายการสื่อสารสนเทศ

ลำดับที่ ประเภท เลขเรียก/บาร์โค้ด สถานที่ สถานะ
- ไม่พบข้อมูล -

รายการใกล้เคียง
    ผู้แต่ง [โรว์ลิ่ง, เจ.เค.]

BibComment


ยังไม่เคยถูกคอมเมนท์

คอมเมนท์ทรัพยากรรายการนี้
  คอมเมนท์: แฮร์รี่ พอตเตอร์ ..


 Copyright 2026. Bcnsprnw @Library